[Event "TCh-RUS Major League 2017"]
[Site "Sochi RUS"]
[Date "2017.05.01"]
[Round "1.5"]
[Board "1"]
[White "Taysayev, Timur"]
[Black "Iljiushenok, Ilia"]
[Result "1/2-1/2"]
[BlackTitle "IM"]
[WhiteElo "2245"]
[BlackElo "2489"]
[WhiteTeam "Highlanders Vladikavkaz"]
[BlackTeam "Moscow region"]
[WhiteFideId "4114221"]
[BlackFideId "24105074"]
[EventDate "2017.05.01"]

1. e4 c5 2. Nf3 e6 3. d4 cxd4 4. Nxd4 Nc6 5. Nc3 Qc7 6. g3 a6 7. Bg2 Nf6 8. O-O
h5 9. h3 Bc5 10. Nb3 Ba7 11. Bf4 Ne5 12. a4 d6 13. Qe2 Bd7 14. Rad1 Rc8 15. Rfe1
Rg8 16. Bg5 Nc4 17. Bc1 g5 18. Qf3 Rg6 19. e5 Bc6 20. Qd3 Nxe5 21. Qxd6 Qxd6 22.
Rxd6 Bxg2 23. Kxg2 Nc4 24. Rd3 Nd7 25. Rd5 Bb8 26. Rdd1 Nde5 27. Re2 Ke7 28. Nd4
f6 29. Ne4 Rgg8 30. b3 Na5 31. Ba3+ Kf7 32. Nc5 Rge8 33. Ncxe6 Rxe6 34. Nxe6
Kxe6 35. f4 gxf4 36. gxf4 Nc6 37. fxe5 fxe5 38. Rd3 h4 39. Bb2 Nb4 40. Rc3 Rg8+
41. Kf1 Rg5 42. Rc4 Nd5 43. Rxh4 Ba7 44. Bd4 Bxd4 45. Rxd4 Rf5+ 46. Ke1 Nc3 47.
Rb4 Nxe2 48. Kxe2 Rf7 49. h4 Kf5 50. Rb6 Rh7 51. h5 Rxh5 52. Rxb7 Kf4 53. Rb6 a5
54. Rb5 Rh2+ 55. Kd3 e4+ 56. Kc3 e3 57. Rxa5 Rh1 58. Kd3 1/2-1/2

[Event "TCh-RUS Major League 2017"]
[Site "Sochi RUS"]
[Date "2017.05.03"]
[Round "3.6"]
[Board "4"]
[White "Nuristani, Iman"]
[Black "Parfenov, Viktor N."]
[Result "0-1"]
[WhiteElo "2026"]
[BlackElo "2240"]
[WhiteTeam "Stavropol region"]
[BlackTeam "Full Metal Jacket Orel"]
[WhiteFideId "34126268"]
[BlackFideId "4165969"]
[EventDate "2017.05.01"]

1. d4 Nf6 2. c4 e6 3. Nc3 Bb4 4. e3 O-O 5. Ne2 d5 6. a3 Be7 7. Nf4 dxc4 8. Bxc4
c5 9. O-O Nbd7 10. Bd3 e5 11. Nfe2 a6 12. Bc2 b5 13. dxc5 Nxc5 14. b4 Ncd7 15.
Nd5 Bb7 16. Nxe7+ Qxe7 17. Ng3 Nb6 18. e4 Bc8 19. Be3 Rd8 20. Qe2 Nc4 21. Bc5
Qe8 22. Bd3 Bg4 23. f3 Be6 24. Nf5 Nd7 25. Bf2 Nf8 26. Rfc1 Ng6 27. g3 Ne7 28.
Ne3 Nxe3 29. Qxe3 Nc6 30. Rc5 f6 31. f4 Nd4 32. Re1 Qh5 33. Be2 Bg4 34. Bxg4
Qxg4 35. Kg2 exf4 36. Qxf4 Qxf4 37. gxf4 Ne6 38. Rf5 Kf7 39. e5 Kg6 40. exf6
Kxf5 41. Re5+ Kxf6 42. Bh4+ Kf7 43. Bxd8 Rxd8 44. f5 Nf4+ 45. Kf3 Nd5 46. Re6
Ne7 47. Rxa6 Nxf5 48. Ke4 Ne7 49. Ra7 Ke6 50. Rb7 Ra8 51. Rb6+ Kf7 52. Rxb5 Rxa3
53. Rh5 h6 54. b5 Ke6 55. Rc5 Ra2 56. Rh5 Nf5 57. b6 Ra4+ 58. Kd3 Rb4 59. Kc3
Rxb6 60. Rh3 Rd6 61. Kc4 Rd2 62. Kc3 Rd7 63. Kc4 g5 64. Ra3 Ke5 65. Ra2 h5 66.
Rf2 g4 67. Kc3 Ke4 68. Kc4 Rc7+ 69. Kb3 Nd4+ 70. Kb4 Rc2 71. Rf1 Rxh2 72. Ka3 h4 0-1

[Event "TCh-RUS Major League 2017"]
[Site "Sochi RUS"]
[Date "2017.05.08"]
[Round "7.4"]
[Board "3"]
[White "Babarykin, Stanislav"]
[Black "Kurbedinov, Ramis"]
[Result "1-0"]
[WhiteTitle "FM"]
[BlackTitle "IM"]
[WhiteElo "2354"]
[BlackElo "2318"]
[WhiteTeam "BOC Smolensk region"]
[BlackTeam "Our Crimea"]
[WhiteFideId "4101898"]
[BlackFideId "14200619"]
[EventDate "2017.05.01"]

1. e4 e5 2. Nc3 Nf6 3. Bc4 Nc6 4. d3 Bb4 5. Ne2 d5 6. exd5 Nxd5 7. O-O Be6 8.
Bxd5 Bxd5 9. f4 O-O 10. f5 f6 11. Ng3 Bxc3 12. bxc3 e4 13. Ba3 Re8 14. c4 Bf7
15. Nxe4 Qd4+ 16. Kh1 Bxc4 17. Nxf6+ gxf6 18. dxc4 Rad8 19. Qh5 Ne5 20. Rae1 Qg4
21. Qh6 Qg7 22. Qf4 Qg4 23. Qh6 Qg7 24. Qh4 Rd2 25. Qe4 Red8 26. Bc1 R2d4 27.
Qxb7 Rxc4 28. Bf4 Qf7 29. Qb3 Kh8 30. Bxe5 fxe5 31. Re4 Rdd4 32. Rxd4 exd4 33.
f6 h6 34. Re1 Qg8 35. Qh3 Qf8 36. Re8 1-0

[Event "TCh-RUS Major League 2017"]
[Site "Sochi RUS"]
[Date "2017.05.10"]
[Round "9.5"]
[Board "3"]
[White "Rozhko, Dmitry"]
[Black "Gubsky, Egor"]
[Result "1/2-1/2"]
[WhiteTitle "FM"]
[WhiteElo "2351"]
[BlackElo "2284"]
[WhiteTeam "Stavropol region"]
[BlackTeam "NSTU Novosibirsk"]
[WhiteFideId "4150430"]
[BlackFideId "4194055"]
[EventDate "2017.05.01"]

1. e4 c5 2. c3 d5 3. exd5 Qxd5 4. d4 Nc6 5. Nf3 Bg4 6. Be2 cxd4 7. cxd4 e6 8. h3
Bh5 9. Nc3 Qa5 10. O-O Nf6 11. a3 Bd6 12. Be3 O-O 13. b4 Qd8 14. Qb3 h6 15. Rfd1
Ne7 16. g4 Bg6 17. Ne5 Nfd5 18. Nxg6 Nxg6 19. Nxd5 exd5 20. Bf3 Ne7 21. g5 hxg5
22. Bxg5 f6 23. Bh4 Kh8 24. Bg3 Qd7 25. Bg2 Rad8 26. Qf3 g6 27. Rac1 Kg7 28.
Bxd6 Qxd6 29. Qg3 Nf5 30. Qxd6 Rxd6 31. Rc5 Rfd8 32. Bf3 Nh4 33. Be2 R8d7 34.
Rdc1 Re7 35. Rc7 Re6 36. Rxe7+ Rxe7 37. Kf1 g5 38. Rc5 Ng6 39. Bf3 Nf4 40. a4 b6
41. Rc8 Nd3 42. b5 Nf4 43. Bg4 Kg6 44. Rg8+ Kf7 45. Rc8 Re4 46. Rc7+ Re7 47. Rc8
Re4 48. Rc7+ Kg6 49. Rxa7 f5 50. Bf3 Rxd4 51. Ra6 Kf7 52. Ke1 Ke7 53. Bd1 Nd3+
54. Ke2 Nf4+ 55. Ke1 Re4+ 56. Kd2 Re6 57. a5 bxa5 58. Rxa5 Kd6 59. Bc2 Kc5 60.
Bxf5 Re2+ 61. Kd1 Rxf2 62. Bd7 Rb2 63. Ra8 d4 64. Rg8 d3 65. Bf5 Rb1+ 66. Kd2
Rb2+ 67. Kd1 Kd4 68. Rd8+ Kc3 69. Rc8+ Kd4 70. Rd8+ Ke3 71. Re8+ Kf3 72. Rb8
Rb1+ 73. Kd2 Rb2+ 74. Kd1 d2 75. Bc2 Ke3 76. Re8+ Kf3 77. Kxd2 Rxb5 78. Bd1+ Kg3
79. Re3+ Kh4 80. Bg4 Rb2+ 81. Kc3 Rh2 82. Re8 Nxh3 83. Bc8 Nf4 84. Rh8+ Nh5 85.
Bd7 Kg3 86. Be8 Nf6 87. Rxh2 Kxh2 88. Bc6 g4 89. Kd2 Kg3 90. Ke2 Kf4 91. Kf2 g3+
92. Kg2 Ng4 93. Ba8 Ne3+ 94. Kh3 Nc2 95. Kg2 Ne1+ 96. Kf1 g2+ 97. Bxg2 1/2-1/2